00821nam a22002417a 4500999001900000003000400019005001700023008004100040010001300081020001500094035002100109040000700130050002100137100002200158245007100180260005400251300006900305500002100374504003100395650001600426942001200442952012500454 c258858d258857OSt20200721123450.0200721b xxu||||| |||| 00| 0 eng d a87401930 a0871921804 a9 (DLC) 87401930 cRU aTT157b.S72 1987 aSprintzen, Alice. a Crafts : b contemporary design and techniquec Alice Sprintzen. aWorcester, Mass. :b Davis Publications,c c1987. axiii, 178 p., [8] p. of plates : b ill. (some col.) ;c 26 cm. a Includes index. a Bibliography: p. 173-174. aHandicraft. 2lcccBK 00102lcc40708NFICa40404b40404cGENd2020-07-21l0oTT157 .S72 1987p201610813r2020-07-21 00:00:00w2020-07-21yBK